000 00359nam a22001217a 4500
003 OSt
082 _a630
_bGOI/RE
245 _aReport of the national commission on agriculture 1976 :
_breview and progress part.1
260 _aNew Delhi
_bGovernment of India
_bMinistry of Agriculture and Irrigation
300 _a494p.
546 _aEnglish
942 _2ddc
_cREF
999 _c163489
_d163489